000
00312nam a2200121Ia 4500
008
241015s9999 xx 000 0 und d
041
_a
eng
082
_a
510.2433 WAT
100
_a
Reid Watts
245
_a
Mathematics For Economics
260
_b
Larsen And Keller Education
_a
USA
_c
2023
300
_a
246;. P. 28 cm
999
_c
41599
_d
41599